[Event "Badalona op-B 43rd"]
[Site "Badalona"]
[Date "2017.08.03"]
[Round "2"]
[White "Ospina Ocampo, Camilo"]
[Black "Caparros Fernandez, Xavier"]
[Result "1-0"]
[WhiteElo "1918"]
[BlackElo "1765"]
[PlyCount "62"]
[EventDate "2017.08.02"]
[EventType "swiss"]
[EventRounds "9"]
[EventCountry "ESP"]
[SourceTitle "EXT 2019"]
[Source "ChessBase"]
[SourceDate "2018.10.10"]
[SourceVersion "1"]
[SourceVersionDate "2018.10.10"]
[SourceQuality "1"]

1. e4 e5 2. Nf3 Nc6 3. Bb5 Nd4 4. Nxd4 exd4 5. Bc4 Nf6 6. Qe2 d6 7. c3 c5 8. 0-0 Be6 9. cxd4 cxd4 10. b3 Rc8 11. Bb5+ Bd7 12. Bb2 Qb6 13. Bxd7+ Nxd7 14. Na3 Ne5 15. Rac1 Rxc1 16. Rxc1 Be7 17. Qb5+ Qxb5 18. Nxb5 Nd3 19. Rc8+ Bd8 20. Bxd4 Kd7 21. Rb8 h5 22. Nxa7 Re8 23. Rxb7+ Ke6 24. Nc6 d5 25. Rb8 Kd7 26. Rxd8+ Rxd8 27. Nxd8 Kxd8 28. Bb6+ Kd7 29. exd5 Nc1 30. Bc5 Nxa2 31. Ba3 g6 1-0

[Event "Benidorm op U2200 10th"]
[Site "Benidorm"]
[Date "2011.12.02"]
[Round "1"]
[White "Caparros Fernandez, Xavier"]
[Black "Roldan Gutierrez, Roque"]
[Result "1/2-1/2"]
[WhiteElo "1781"]
[BlackElo "1983"]
[PlyCount "41"]
[EventDate "2011.12.02"]
[EventType "swiss"]
[EventRounds "10"]
[EventCountry "ESP"]
[SourceTitle "CBM 145 Extra"]
[Source "ChessBase"]
[SourceDate "2012.01.03"]
[SourceVersion "1"]
[SourceVersionDate "2012.01.03"]
[SourceQuality "1"]

1. e4 c5 2. Qe2 Nc6 3. c3 d6 4. Nf3 Bg4 5. g3 Nf6 6. Bg2 Qd7 7. 0-0 e5 8. d3 Be7 9. Nbd2 0-0 10. Re1 h6 11. Nf1 Bd8 12. Ne3 Be6 13. Bd2 Kh7 14. h4 Ng4 15. Nf5 g6 16. Ne3 Bf6 17. Bh3 Nxe3 18. Bxe6 Qxe6 19. Qxe3 Bg7 20. Kg2 Rh8 21. b3 1/2-1/2

[Event "Catalunya-ch"]
[Site "Barcelona"]
[Date "2007.04.03"]
[Round "3"]
[White "Caparros Fernandez, Xavier"]
[Black "Basas Gamazo, Josep"]
[Result "0-1"]
[WhiteElo "1917"]
[BlackElo "2087"]
[PlyCount "114"]
[EventDate "2007.04.01"]
[EventType "swiss"]
[EventRounds "9"]
[EventCountry "ESP"]
[SourceTitle "CBM 117 Extra"]
[Source "ChessBase"]
[SourceDate "2007.05.09"]
[SourceVersion "1"]
[SourceVersionDate "2007.05.09"]
[SourceQuality "1"]

1. e4 c5 2. Qe2 d6 3. c3 Nc6 4. Nf3 e5 5. g3 g6 6. Bg2 Bg7 7. d3 Nge7 8. 0-0 0-0 9. Nbd2 b5 10. Re1 b4 11. Nf1 f5 12. exf5 Bxf5 13. Ne3 Bd7 14. h4 Rb8 15. Ng5 bxc3 16. bxc3 Kh8 17. h5 Bh6 18. Ne4 Be6 19. hxg6 hxg6 20. Nc4 Bxc1 21. Raxc1 Bxc4 22. dxc4 Qc7 23. Ng5 Qd7 24. Bh3 Nf5 25. Qd2 Rbd8 26. Re4 Kg7 27. Rh4 Rh8 28. Rxh8 Kxh8 29. Qd5 Rf8 30. Bxf5 Qxf5 31. Qh1+ Kg7 32. Qh7+ Kf6 33. f4 Nd8 34. Qh4 Kg7 35. Rd1 Nf7 36. Qh7+ Kf6 37. Nxf7 Rxf7 38. Rxd6+ Ke7 39. Qxg6 exf4 40. Qxf5 Rxf5 41. Ra6 Rg5 42. Rxa7+ Kd6 43. a4 Rxg3+ 44. Kf2 Rxc3 45. a5 Rxc4 46. a6 Kc6 47. Ra8 Ra4 48. Kf3 Kb6 49. a7 Rxa7 50. Rxa7 Kxa7 51. Kxf4 Kb6 52. Ke4 Kb5 53. Kd3 Kb4 54. Kc2 Kc4 55. Kd2 Kb3 56. Kc1 Kc3 57. Kb1 Kd2 0-1